=LDR 00000nam 2200000 4500 =001 INLIS000000000026740 =005 20130612125150 =008 ***********************************ind** =035 ##$$0010-061300000026740 =041 ##$$a ind =082 ##$$a 2x3.4 =090 ##$$a 2x3.4, BAL r =100 ##$$a Bali, Wahid bin Abdussalam =245 ##$$a Rasulullah berkisah tentang surga =260 ##$$a 2005 $b Jakarta =300 ##$$a xiv, 216 hlm., 18 cm =650 ##$$a Aqaid =700 ##$$a Syaikhu, Ahmad =850 ##$$a NBPNMAT